Never Have I Ever - Statistics

General Stats
  • This quiz has been taken 20 times
  • The average score is 4 of 30
Answer Stats
Hint Answer % Correct
Darren Barnet Paxton Hall-Yoshida
79%
Maitreyi Ramakrishnan Devi Vishwakumar
43%
Richa Moorjani Kamala
43%
Ramona Young Eleanor Wong
36%
Lee Rodriguez Fabiola Torres
36%
Airudh Pisharody Des
29%
Poorna Jagannathan Nalini Vishwakumar
29%
Ranjita Chakravarty Nirmala Vishwakumar
21%
Sendhil Ramamurthy Mohan Vishwakumar
14%
Aitana Rinab Zoey Maytag
14%
Ivan Hernandez Andres Ramos
7%
Megan Suri Aneesa Qureshi
7%
Jaren Lewison Benjamin Gross
7%
Cocoa Brown Dr. Jamie Ryan
7%
Jack Seavor McDonald Eric Perkins
7%
Alexandra Billings Jennifer Warner
7%
Genneya Walton Lindsay Thompson
7%
Utkarsh Ambudkar Manish Kulkarni
7%
Victoria Morales Margot Ramos
7%
Adam Shapiro Mr. Shapiro
7%
Rushi Kota Prashant
7%
Sarayu Blue Rhyah
7%
Hanna Stein Shira Liedman
7%
Benjamin Norris Trent Harrison
7%
Michael Cimino Ethan Morales
0%
Christina Kartchner Eve Hjelm
0%
Michael Badalucco Howard Gross
0%
Dino Petrera Jonah Sharpe
0%
Tyler Alvarez Malcolm Stone
0%
Dana Vaughns Marcus Jones
0%
No matching quizzes found
Score Distribution
Percent of People with Each Score
Percentile by Number Answered
Your Score History
You have not taken this quiz